[Event "BRA-ch Amateur"]
[Site "Sao Paulo"]
[Date "2014.03.04"]
[Round "7"]
[White "Gazola, Vanessa Ramos"]
[Black "Sbrissa Neto, David Antonio"]
[Result "1-0"]
[WhiteElo "1999"]
[BlackElo "1886"]
[PlyCount "93"]
[EventDate "2014.03.01"]
[EventType "swiss"]
[EventRounds "7"]
[EventCountry "BRA"]
[SourceTitle "EXT 2016"]
[Source "ChessBase"]
[SourceDate "2015.10.08"]
[SourceVersion "1"]
[SourceVersionDate "2015.10.08"]
[SourceQuality "1"]

1. d4 d5 2. c4 c6 3. Nf3 Nf6 4. Qc2 g6 5. Bf4 Na6 6. a3 Bf5 7. Qb3 Qb6 8. Nbd2 Bg7 9. e3 0-0 10. Be2 Be6 11. c5 Qxb3 12. Nxb3 Bd7 13. Na5 b5 14. Ne5 Rac8 15. g4 Rfd8 16. g5 Ne4 17. Nxd7 Rxd7 18. Nxc6 Naxc5 19. Rc1 Rxc6 20. dxc5 Rxc5 21. Rxc5 Nxc5 22. b4 e5 23. Bg3 Ne4 24. Bxb5 Rc7 25. 0-0 Rc3 26. Rd1 Rxa3 27. Rxd5 Nxg5 28. Rd8+ Bf8 29. Bc6 f6 30. Bd5+ Kg7 31. h4 Nh3+ 32. Kg2 Nxf2 33. Bxf2 Bxb4 34. e4 a5 35. Rd7+ Kh8 36. Rf7 Rc3 37. Rxf6 Bc5 38. Bxc5 Rxc5 39. Rf7 Rc2+ 40. Kg3 a4 41. Ra7 Rc3+ 42. Kg4 h6 43. Bf7 Kg7 44. Be8+ Kf6 45. Ra6+ Ke7 46. Bxg6 a3 47. Kf5 1-0